1334 1300 1745 1279 1351 1657 1927 1392 1868 1400 1771 1394 1060 1656 1872 1434 1919 1461 1510 1570 1568 1231 1710 1710 1041 1729 1330 1710 1724 1250 1389 1802 1417 1970 1003 1788 1766 1066 1644 1051 1887 1496 1904 1608 1571 1223 1541 1266 1288 1886 1775 1864 1694 1015 1707 1021 1848 1811 1724 1378 1275 1253 1627 1776 1755 1207 1335 1069 1001 1366 1152 1302 1906 1751 1532 1924 1732 1624 1696 1274 1060 1981 1552 1425 1135 1262 1178 1287 1678 1713 1167 1016 1814 1257 1039 1961 1012 1496 1992 BCNSPRNW ULIB Ver.6.0+V

เปลี่ยนเป็นภาษาไทย

Change to English
 แสดงรายละเอียดบรรณานุกรม
  กลับหน้าหลัก

Brief Record : Get Marc (ISO 2709) : E-mail record : QR code < ปิดหน้าต่าง
LEADER : 00000nam 2200000uu 4500
001    13399112710
003     ULIB
008    110905s2547||||th 000 0 tha d
050 04 LB3^bพ361ร 2547
110 1  วิทยาลัยพยาบาลบรมราชชนนี อุตรดิตถ์
245 00 รายงานสรุปการประชุมเรื่อง การพัฒนาศักยภาพของบุคลากรเพื่อรองรับการออกนอกระบบ /^cวิทยาลัยพยาบาลบรมราชชนนี อุตรดิตถ์
260    อุตรดิตถ์ :^bวิทยาลัยพยาบาลบรมราชชนนี อุตรดิตถ์,^c2547
300    112 หน้า
650  7 การออกนอกระบบบุคลากร^xการประชุม
945    ^p0^l0^i016438
995    ทศพร
999 ^a ทศพร
รายการนี้ยังไม่มีแท็ก
คุณยังไม่ได้ล็อกอิน คุณสามารถมีกิจกรรมร่วมกับเว็บไซต์ได้ แต่ต้องล็อกอินก่อน ::
  ล็อกอิน

รายการสื่อสารสนเทศ

ลำดับที่ ประเภท เลขเรียก/บาร์โค้ด สถานที่ สถานะ
- ไม่พบข้อมูล -

BibComment


ยังไม่เคยถูกคอมเมนท์

คอมเมนท์ทรัพยากรรายการนี้
  คอมเมนท์: รายงานสรุปการประช..


 Copyright 2026. Bcnsprnw @Library